000 00254nmm a2200097Ia 4500
008 220120s9999||||xx |||||||||||||||||und||
082 _a00 5.133 MAR
100 _aMarshall, Chris
_93373
245 0 _aEnterprise modeling with UML
260 _bNew Delhi
_c2002
999 _c139023
_d139023